|
|
|
|
| LEADER |
00000nam0a2200000 4500 |
| 001 |
297460 |
| 005 |
20231102001017.0 |
| 035 |
|
|
|a (RuTPU)RU\TPU\book\322593
|
| 090 |
|
|
|a 297460
|
| 100 |
|
|
|a 20150608d1901 m y0rusy50 ca
|
| 101 |
0 |
|
|a rus
|
| 102 |
|
|
|a UA
|
| 105 |
|
|
|a a j 001zy
|
| 200 |
1 |
|
|a Общая и физическая химия
|e пер. с нем.
|f М. Рудольфи
|g под ред. Я. И. Михайленко ; пер. Д. М. Марголина ; изд. Г. К. Таценко
|
| 210 |
|
|
|a Киев
|c Типография Р. К. Лубковского
|d 1901
|
| 215 |
|
|
|a 208 с.
|c с 22 рисунками в тексте
|
| 300 |
|
|
|a Издание студента Г. К. Таценко
|
| 300 |
|
|
|a Доп. тит. лист
|
| 316 |
|
|
|5 63413507: 17//122, инв. № 8394
|a Дарственная надпись
|
| 317 |
|
|
|5 63413507: 17//122 , инв. № 8394
|a Поступила в НТБ в декабре 1906 года в дар от профессора Я. И. Михайленко
|
| 320 |
|
|
|a Предм. указ.: с. 199-205.
|
| 320 |
|
|
|a Указ. имен: с. 206-207.
|
| 320 |
|
|
|a Опечатки: с. 208.
|
| 606 |
1 |
|
|a Химия общая
|2 stltpush
|3 (RuTPU)RU\TPU\subj\67862
|9 83510
|
| 606 |
1 |
|
|a Физическая химия
|2 stltpush
|3 (RuTPU)RU\TPU\subj\67669
|9 83390
|
| 610 |
1 |
|
|a состояние вещества
|
| 610 |
1 |
|
|a химия
|
| 610 |
1 |
|
|a закон Бойля-Мариотта
|
| 610 |
1 |
|
|a закон Гей-Люссака-Дальтона
|
| 610 |
1 |
|
|a плотность пара
|
| 610 |
1 |
|
|a теплоемкость
|
| 610 |
1 |
|
|a жидкости
|
| 610 |
1 |
|
|a периодическая модель Л. Мейера
|
| 610 |
1 |
|
|a рефрактометр Аббе
|
| 610 |
1 |
|
|a термохимия
|
| 610 |
1 |
|
|a калориметры
|
| 610 |
1 |
|
|a теория тепла
|
| 610 |
1 |
|
|a фотохимия
|
| 610 |
1 |
|
|a электрохимия
|
| 610 |
1 |
|
|a магнетизм
|
| 675 |
|
|
|a 54(075.8)
|v 4
|
| 675 |
|
|
|a 544(075.8)
|v 4
|
| 700 |
|
1 |
|a Рудольфи
|b М.
|g Макс
|
| 702 |
|
1 |
|a Михайленко
|b Я. И.
|g Яков Иванович
|4 340
|
| 702 |
|
1 |
|a Марголин
|b Д. М.
|g Давид Михайлович
|4 730
|
| 702 |
|
1 |
|a Таценко
|b Г. К.
|4 650
|
| 801 |
|
1 |
|a RU
|b 63413507
|c 20150608
|
| 801 |
|
2 |
|a RU
|b 63413507
|c 20150616
|g RCR
|
| 942 |
|
|
|c BK
|